000 00643nam a22002177a 4500
005 20170124110243.0
010 _a965869
020 _c00.00
035 _a965869
037 _bCen Lib/Ret
040 _aDPL
_bEN
082 _a413.8
_bMAC
100 _aMacdonell, Arthur A.
_925528
245 _aSanskrit english dictionary /
_cby Arthur A. Macdonell
246 _b
260 _aNew Delhi
_bAward Publishing House
_c1979
270 _bNew Delhi
_a2/44-B, Ansari road, Dariyaganj
_e110002
300 _axi, 3841p.
_c28cm(Hb)
650 _aSanskrit-english -- Dictionary
_996156
942 _2ddc
_cEN
_h413.8
_mMAC
999 _c135320
_d135320